000 01413cam a2200217 4500
001 X121114
008 030124n2003 000 0 eng u
035 _a(Sirsi) u121114
100 _aTownsend, A.
245 _aBuild a professional bridge
260 _c2003
490 _aPlanning (for the Natural and Built Environment)
_v(1506) 17 January 2003, 17(1)
520 _aExamines the opportunities for planners in the regeneration sector and looks at the skills required in both professions. Suggests that planners have a range of transferable skills that qualify them to work in regeneration, and looks at how the RTPI is promoting closer links between planning and regeneration. Highlights the key skills and knowledge required to work on regeneration projects such as the ability to work in a partnership environment and in the political arena, an understanding of the regeneration process, and the experience of working with community groups and organising physical change in space. Concludes that the regeneration market holds many opportunities for planners, without the need for a new career path, and that the transfer of skills between both professions should be encouraged.
650 _aPLANNING PROFESSION
650 _aREGENERATION
650 _aRTPI
650 _aPLANNERS
650 _aPROFESSIONAL SKILLS
690 _aMANAGEMENT-BUSINESS MANAGEMENT-PROFESSIONAL PRACTICE
942 _n0
999 _c71969
_d71969